[Event "SR 2. liga A 2003/2004"]
[Site "?"]
[Date "2004.01.10"]
[Round "5.8"]
[White "Stetina, Erik"]
[Black "Peska, Juraj"]
[Result "0-1"]
[WhiteElo "1749"]
[BlackElo "1727"]
[PlyCount "132"]
[EventDate "2003.??.??"]

1. e4 c5 2. Nf3 Nc6 3. d4 cxd4 4. Nxd4 Nf6 5. Nc3 d6 6. Be2 g6 7. O-O Bg7 8.
Be3 O-O 9. Qd2 Nxd4 10. Bxd4 h6 11. Bc4 Kh7 12. f3 Bd7 13. Rfd1 Bc6 14. Bb3 Qd7
15. Qe3 b6 16. e5 dxe5 17. Bxe5 Qb7 18. Rd2 e6 19. Rad1 Rfe8 20. Qf4 Ng8 21.
Bxg7 Kxg7 22. Ne4 e5 23. Qg3 Bxe4 24. Rd7 Qc6 25. R1d6 Qc5+ 26. Kh1 Re7 27.
fxe4 Rxd7 28. Rxd7 Ne7 29. h4 Rf8 30. Rxa7 Nc6 31. Rc7 Qd6 32. Rb7 Nd4 33. Qd3
Qc5 34. Qc4 Nxb3 35. Qxb3 Qf2 36. Rxb6 Qxh4+ 37. Qh3 Qxe4 38. c3 Qb1+ 39. Kh2
Qxa2 40. Qe3 Qd5 41. Rb4 Ra8 42. c4 Qd4 43. Qxd4 exd4 44. c5 Rd8 45. c6 d3 46.
c7 Rc8 47. Rd4 Rxc7 48. Rxd3 Rb7 49. b3 h5 50. Rc3 g5 51. Rc5 Kg6 52. Rc3 Rb6
53. Kg3 h4+ 54. Kh3 f5 55. Rd3 Kh5 56. Kh2 g4 57. Rd5 Kg5 58. Rd3 Rb5 59. Kg1
g3 60. Kf1 f4 61. Ke2 Kg4 62. Kf1 h3 63. Kg1 h2+ 64. Kh1 Re5 65. Rd1 f3 66.
gxf3+ Kh3 0-1

[Event "SR 2. liga A 2003/2004"]
[Site "?"]
[Date "2004.01.10"]
[Round "5.8"]
[White "Vach, Pavol"]
[Black "Pribila, Michal"]
[Result "1/2-1/2"]
[WhiteElo "1916"]
[BlackElo "1620"]
[PlyCount "102"]
[EventDate "2003.??.??"]

1. d4 Nf6 2. c4 e6 3. Nf3 b6 4. Bg5 Bb7 5. e3 d5 6. Nc3 Be7 7. Bd3 dxc4 8. Bxc4
O-O 9. O-O Nbd7 10. Qe2 Ne4 11. Bxe7 Qxe7 12. Bd3 Nxc3 13. bxc3 h6 14. e4 c5
15. e5 Bxf3 16. Qxf3 Rfd8 17. Rfd1 Nf8 18. Bc4 Rac8 19. d5 exd5 20. Bxd5 Ne6
21. c4 Qg5 22. Qe4 Qf4 23. Qxf4 Nxf4 24. g3 Ne2+ 25. Kf1 Nd4 26. Be4 Kf8 27. f4
Re8 28. Re1 Rb8 29. Rab1 h5 30. Kf2 g6 31. h3 Kg7 32. g4 hxg4 33. hxg4 Rbd8 34.
Rbd1 Re7 35. Re3 Rh8 36. Rh1 Rxh1 37. Bxh1 Rd7 38. Rd3 Re7 39. g5 a6 40. a4 Re8
41. Rd2 Rh8 42. Bg2 Rh4 43. Kg3 Nf5+ 44. Kf3 Rh2 45. Rb2 Nh4+ 46. Kg3 Rxg2+ 47.
Rxg2 Nxg2 48. Kxg2 Kf8 49. Kf3 Ke7 50. Ke3 Kd7 51. Kd3 Ke7 1/2-1/2

[Event "SR 2. liga A 2003/2004"]
[Site "?"]
[Date "2004.01.11"]
[Round "6.1"]
[White "Bisco, Igor"]
[Black "Rohacek, Miroslav"]
[Result "0-1"]
[WhiteElo "2187"]
[BlackElo "2178"]
[PlyCount "79"]
[EventDate "2003.??.??"]

1. e4 Nf6 2. e5 Nd5 3. d4 d6 4. Nf3 Bg4 5. Bb5+ c6 6. Be2 Bxf3 7. Bxf3 dxe5 8.
dxe5 e6 9. O-O Nd7 10. Qe2 Qc7 11. Re1 h6 12. a4 O-O-O 13. Na3 Ne7 14. Nc4 Nf5
15. Be3 Nxe3 16. Qxe3 Bc5 17. Qe2 Nb6 18. Nxb6+ Qxb6 19. c3 a5 20. Reb1 Qb3 21.
Be4 Rd7 22. Bc2 Qb6 23. Rd1 Rhd8 24. b4 axb4 25. a5 Rxd1+ 26. Bxd1 Qa6 27. c4
Bd4 28. Ra2 Bxe5 29. Bb3 Bc3 30. g3 Qa7 31. a6 bxa6 32. c5 a5 33. Qf3 Qc7 34.
Ba4 Rd5 35. Qe2 Rxc5 36. Bb3 Re5 37. Qf3 Kd8 38. Bc4 Ke7 39. Bb3 Qd6 40. Qg4 {
time} 0-1

[Event "SR 2. liga A 2003/2004"]
[Site "?"]
[Date "2004.01.11"]
[Round "6.1"]
[White "Horak, Ivan"]
[Black "Stepanovic, Branislav"]
[Result "1/2-1/2"]
[WhiteElo "2198"]
[BlackElo "2090"]
[PlyCount "105"]
[EventDate "2003.??.??"]

1. e4 c5 2. Nc3 Nc6 3. f4 e6 4. Bb5 Nd4 5. a4 a6 6. Bd3 Ne7 7. Nf3 Nec6 8. O-O
g6 9. Ne2 Bg7 10. c3 Nxf3+ 11. Rxf3 O-O 12. Bc2 e5 13. f5 gxf5 14. Rxf5 d5 15.
exd5 Bxf5 16. Bxf5 Ne7 17. Ng3 Nxd5 18. Qh5 h6 19. d3 Nf4 20. Qf3 b5 21. Be4
Rb8 22. Nf5 Qf6 23. axb5 Rxb5 24. h4 Rfb8 25. Qg4 Kh8 26. Rxa6 R5b6 27. Ra7 Bf8
28. Ng3 Qg7 29. Qf3 Qxg3 30. Qxg3 Ne2+ 31. Kh2 Nxg3 32. Kxg3 Rf6 33. Bd5 Kg7
34. b3 Rf1 35. Be3 Bd6 36. Rd7 Rb6 37. b4 e4+ 38. Kg4 h5+ 39. Kg5 Be7+ 40. Rxe7
Rg6+ 41. Kxh5 Rf5+ 42. Bg5 Rxd5 43. dxe4 Rd3 44. bxc5 Rxc3 45. Rc7 Re6 46. Bf4
Rxe4 47. Bh6+ Kf6 48. Bg5+ Kg7 49. Bh6+ Kf6 50. g4 Rcc4 51. Bg5+ Kg7 52. Bh6+
Kg8 53. Bg5 1/2-1/2

[Event "SR 2. liga A 2003/2004"]
[Site "?"]
[Date "2004.01.11"]
[Round "6.1"]
[White "Jablonicky, Frantisek"]
[Black "Duriga, Stefan"]
[Result "0-1"]
[WhiteElo "2215"]
[BlackElo "2246"]
[PlyCount "86"]
[EventDate "2003.??.??"]

1. Nf3 d5 2. d4 Nf6 3. c4 c6 4. Qc2 Bg4 5. Nbd2 e6 6. cxd5 exd5 7. Ne5 Bh5 8.
h3 Bg6 9. Nxg6 hxg6 10. e3 Nbd7 11. a3 Bd6 12. b4 Rc8 13. Bd3 O-O 14. Bb2 Re8
15. O-O Qe7 16. Rae1 Ne4 17. Nxe4 dxe4 18. Bc4 Nb6 19. Bb3 a6 20. Qb1 Nd5 21.
Qa2 Rcd8 22. Rc1 Bb8 23. Bxd5 cxd5 24. Rc5 Qd6 25. g3 Qd7 26. Kg2 g5 27. Qb1 g6
28. Qd1 Kg7 29. f4 exf3+ 30. Qxf3 f5 31. g4 Rf8 32. gxf5 gxf5 33. e4 fxe4 34.
Qg4 Qxg4+ 35. hxg4 Rf4 36. b5 Rxg4+ 37. Kf2 Bd6 38. bxa6 bxa6 39. Rc6 Bf4 40.
Bc1 Rd6 41. Rc7+ Kg6 42. Ke1 Rb6 43. Kd1 Bxc7 0-1

[Event "SR 2. liga A 2003/2004"]
[Site "?"]
[Date "2004.01.11"]
[Round "6.1"]
[White "Lanc, Alois"]
[Black "Likavsky, Tomas"]
[Result "1/2-1/2"]
[WhiteElo "2330"]
[BlackElo "2482"]
[PlyCount "114"]
[EventDate "2003.??.??"]

1. e4 c5 2. Nf3 e6 3. d4 cxd4 4. Nxd4 a6 5. Nc3 b5 6. Bd3 Bb7 7. O-O d6 8. a4
b4 9. Na2 Nf6 10. Re1 d5 11. e5 Ne4 12. f3 Bc5 13. Be3 Qb6 14. fxe4 Bxd4 15.
Bb5+ axb5 16. Bxd4 Qa5 17. c3 b3 18. Nc1 bxa4 19. Nxb3 Qb5 20. Nc5 Bc6 21. exd5
Bxd5 22. Qe2 Qxe2 23. Rxe2 Bc6 24. Rd2 Ke7 25. Be3 h6 26. Rd4 Rd8 27. Rb4 Nd7
28. Nxd7 Rxd7 29. Bc5+ Ke8 30. Bd6 f5 31. Kf2 Rb7 32. Rd1 Rxb4 33. Bxb4 Bd5 34.
Rd4 Rc8 35. Ba3 Bb3 36. Ke3 g5 37. h4 Kf7 38. Bd6 f4+ 39. Kf2 Kg6 40. hxg5 hxg5
41. Rb4 Kf5 42. Rb7 Rc4 43. Rb4 Rc8 44. Rb8 Rc4 45. Rb4 Rc6 46. Rb8 g4 47. Rf8+
Ke4 48. g3 fxg3+ 49. Kxg3 Bd1 50. Rf4+ Kd3 51. Rd4+ Kc2 52. Ba3 Kc1 53. Rd6 Bf3
54. Rd4 Bd1 55. Rd6 Bf3 56. Kf2 Kc2 57. Kg3 Kb3 1/2-1/2

[Event "SR 2. liga A 2003/2004"]
[Site "?"]
[Date "2004.01.11"]
[Round "6.1"]
[White "Oprea, Erik"]
[Black "Kleman, Miroslav"]
[Result "1-0"]
[WhiteElo "2083"]
[BlackElo "2158"]
[PlyCount "57"]
[EventDate "2003.??.??"]

1. e4 d5 2. exd5 Qxd5 3. Nf3 Nf6 4. Nc3 Qa5 5. Be2 c6 6. d4 Bf5 7. O-O e6 8.
Bf4 Nbd7 9. a3 Be7 10. Re1 O-O 11. Nh4 Bg6 12. Nxg6 hxg6 13. Bf3 Nd5 14. Nxd5
cxd5 15. c4 Nf6 16. b4 Qd8 17. c5 Qd7 18. a4 a6 19. Qb3 Ra7 20. b5 axb5 21.
axb5 Rfa8 22. Rxa7 Rxa7 23. Rc1 Ra8 24. c6 bxc6 25. bxc6 Qc8 26. Qb7 Kf8 27.
Be5 Ba3 28. Ra1 Qe8 29. Rxa3 1-0

[Event "SR 2. liga A 2003/2004"]
[Site "?"]
[Date "2004.01.11"]
[Round "6.1"]
[White "Smolen, Jan"]
[Black "Tepper, Frantisek"]
[Result "1-0"]
[WhiteElo "2274"]
[BlackElo "2232"]
[PlyCount "171"]
[EventDate "2003.??.??"]

1. a3 e5 2. d4 exd4 3. Qxd4 Nc6 4. Qa4 d5 5. Nf3 Nf6 6. Nc3 h6 7. Ne5 Bd7 8.
Nxd7 Qxd7 9. Bf4 Bc5 10. e3 O-O 11. Rd1 Rfe8 12. Be2 Rad8 13. O-O Bb6 14. Bb5
a6 15. Bxc6 Qxc6 16. Qxc6 bxc6 17. Na4 Nh5 18. Bg3 Nxg3 19. hxg3 c5 20. c4 dxc4
21. Rxd8 Rxd8 22. Rc1 g5 23. Kf1 Ba5 24. Rxc4 Rd1+ 25. Ke2 Rd2+ 26. Kf3 Bb6 27.
e4 Kg7 28. g4 Kf6 29. Ke3 Rd1 30. g3 Re1+ 31. Kd2 Rb1 32. Kd3 Rd1+ 33. Ke3 Rg1
34. Kf3 Rb1 35. Rc2 Ke7 36. Nxc5 Bxc5 37. Rxc5 Rxb2 38. Rxc7+ Kd6 39. Rxf7 Rb3+
40. Ke2 Rxa3 41. Rf6+ Ke5 42. Rxh6 a5 43. Rg6 Kxe4 44. Rxg5 Ra2+ 45. Kf1 Kf3
46. Rf5+ Kxg4 47. Rf8 a4 48. Ra8 Kf3 49. Rf8+ Kg4 50. Kg2 a3 51. Ra8 Kg5 52.
Ra5+ Kg6 53. Kf3 Ra1 54. Ra6+ Kg5 55. g4 Rh1 56. Ra5+ Kg6 57. Kf4 Rf1 58. Ra6+
Kg7 59. Kf3 Rh1 60. Kg2 Ra1 61. g5 a2 62. f4 Kf7 63. f5 Ke7 64. Ra7+ Kd6 65. g6
Rb1 66. Rxa2 Ke5 67. Ra8 Kf6 68. Rf8+ Kg7 69. Rf7+ Kg8 70. Kf3 Rb4 71. Ra7 Rb1
72. Kf4 Kf8 73. Rf7+ Kg8 74. Kg5 Ra1 75. Re7 Kf8 76. Kf6 Ra6+ 77. Re6 Ra8 78.
Rb6 Kg8 79. Ke6 Ra1 80. f6 Re1+ 81. Kd7 Rd1+ 82. Ke7 Re1+ 83. Re6 Rf1 84. Ke8
Rf2 85. f7+ Kg7 86. Re7 1-0

[Event "SR 2. liga A 2003/2004"]
[Site "?"]
[Date "2004.01.11"]
[Round "6.2"]
[White "Dorica, Igor"]
[Black "Bezuch, Martin"]
[Result "1/2-1/2"]
[WhiteElo "2248"]
[BlackElo "2140"]
[PlyCount "37"]
[EventDate "2003.??.??"]

1. d4 Nf6 2. c4 e6 3. Nc3 d5 4. Bg5 Be7 5. e3 O-O 6. Nf3 Nbd7 7. cxd5 exd5 8.
Be2 Re8 9. O-O c6 10. Rc1 Ne4 11. Bxe7 Qxe7 12. Bd3 Ndf6 13. Qc2 Bf5 14. a3
Rac8 15. Nd2 Bg6 16. Ncxe4 Bxe4 17. Nxe4 Nxe4 18. Rfe1 g6 19. Bxe4 1/2-1/2

[Event "SR 2. liga A 2003/2004"]
[Site "?"]
[Date "2004.01.11"]
[Round "6.2"]
[White "Janos, Martin"]
[Black "Hudec, Jan"]
[Result "1/2-1/2"]
[WhiteElo "2148"]
[BlackElo "2117"]
[PlyCount "89"]
[EventDate "2003.??.??"]

1. e4 c5 2. Nf3 e6 3. d4 cxd4 4. Nxd4 a6 5. Nc3 Qc7 6. f4 Nc6 7. Nb3 b5 8. Bd3
Bb7 9. Be3 d6 10. Qe2 Nf6 11. O-O Be7 12. Rae1 Rc8 13. Kh1 Nb4 14. a3 Nxd3 15.
cxd3 O-O 16. Bg1 e5 17. d4 Rfd8 18. d5 exf4 19. Rxf4 Nd7 20. Nd4 Ne5 21. Rff1
Qd7 22. Nf5 Bf8 23. Bd4 Re8 24. Qd2 Rc4 25. Qg5 f6 26. Qg3 Bc8 27. Bg1 Ng6 28.
h3 Kh8 29. b3 Rc7 30. Bb6 Rb7 31. Ba5 Re5 32. Nd4 Rg5 33. Qe3 Qe8 34. Nce2 Rxd5
35. Nf3 Re7 36. Nc3 Rh5 37. Bb4 Qd7 38. Nd4 Ree5 39. Rf5 Rhxf5 40. Nxf5 d5 41.
Bxf8 Nxf8 42. Qc5 Ne6 43. Qf2 dxe4 44. Rxe4 Bb7 45. Rxe5 1/2-1/2

[Event "SR 2. liga A 2003/2004"]
[Site "?"]
[Date "2004.01.11"]
[Round "6.2"]
[White "Machalova, Maria"]
[Black "Cvicela, Anton"]
[Result "1/2-1/2"]
[WhiteElo "2187"]
[BlackElo "2179"]
[PlyCount "78"]
[EventDate "2003.??.??"]

1. c4 e5 2. Nc3 Nc6 3. g3 g6 4. Bg2 Bg7 5. d3 d6 6. e3 f5 7. Nge2 Nf6 8. O-O
O-O 9. Rb1 a5 10. a3 Be6 11. Nd5 Rb8 12. b4 axb4 13. axb4 Ne7 14. Nxe7+ Qxe7
15. Bb2 g5 16. f4 Nd7 17. Nc3 c6 18. Qe2 Kh8 19. Kh1 Rbe8 20. b5 Nb8 21. Ra1
Qf6 22. fxe5 dxe5 23. Ne4 Qg6 24. Nd6 Re7 25. Ra7 cxb5 26. Ba3 Rd7 27. cxb5 b6
28. Ra8 Rfd8 29. Nb7 Rc8 30. Nd6 Rg8 31. Nc4 Bd5 32. Bxd5 Rxd5 33. Qf3 e4 34.
dxe4 fxe4 35. Qf7 Qxf7 36. Rxf7 Rxb5 37. Rb7 Nc6 38. Rxg8+ Kxg8 39. Rxb6 Rxb6
1/2-1/2

[Event "SR 2. liga A 2003/2004"]
[Site "?"]
[Date "2004.01.11"]
[Round "6.2"]
[White "Manak, Jozef"]
[Black "Harasta, Vladimir"]
[Result "1/2-1/2"]
[WhiteElo "2076"]
[BlackElo "2192"]
[PlyCount "103"]
[EventDate "2003.??.??"]

1. e4 e5 2. Nf3 Nc6 3. Bb5 Bc5 4. O-O Nge7 5. c3 Bb6 6. d4 exd4 7. cxd4 d5 8.
e5 Bg4 9. Be3 O-O 10. Be2 Nf5 11. Nbd2 f6 12. exf6 Qxf6 13. h3 Bxf3 14. Bxf3
Nce7 15. Nb3 c6 16. Qd2 Ng6 17. Bg5 Qf7 18. Bg4 Nd6 19. Be3 Nh4 20. Nc5 Bxc5
21. dxc5 Ne4 22. Qc2 h5 23. Bd1 Rae8 24. Re1 Qg6 25. f4 Rf5 26. g4 Rff8 27. Kh2
hxg4 28. Bxg4 Nf5 29. Bxf5 Qg3+ 30. Kh1 Rxf5 31. Qg2 Rf7 32. Qxg3 Nxg3+ 33. Kg2
Nf5 34. Bf2 Rfe7 35. Rxe7 Rxe7 36. Re1 Re4 37. Kf3 Nd4+ 38. Kg4 Ne2 39. Kf3
Nd4+ 40. Kg4 Rxe1 41. Bxe1 g6 42. Bf2 Nf5 43. Kg5 Kf7 44. h4 Ng7 45. Kg4 Nf5
46. Kg5 Ng7 47. Kg4 a6 48. a3 Kf6 49. Bd4+ Kf7 50. Bf2 Kg8 51. Kg5 Kf7 52. Kg4
1/2-1/2

[Event "SR 2. liga A 2003/2004"]
[Site "?"]
[Date "2004.01.11"]
[Round "6.2"]
[White "Meszaros, Michal"]
[Black "Banas, Jan"]
[Result "1/2-1/2"]
[WhiteElo "2317"]
[BlackElo "2367"]
[PlyCount "69"]
[EventDate "2003.??.??"]

1. e4 c5 2. Nf3 e6 3. d4 cxd4 4. Nxd4 a6 5. Bd3 g6 6. O-O Bg7 7. Be3 Ne7 8. c4
Nbc6 9. Nxc6 bxc6 10. Qd2 d5 11. Bh6 O-O 12. Bxg7 Kxg7 13. Rd1 Qb6 14. Nc3 Rb8
15. b3 d4 16. Na4 Qc7 17. c5 e5 18. Nb6 Bb7 19. Qe2 Nc8 20. Nc4 a5 21. Rac1 f6
22. Qb2 Ra8 23. Qa3 Ba6 24. Nd6 Bxd3 25. Rxd3 Na7 26. Qa4 Rfb8 27. Qc4 Qd7 28.
a4 Nc8 29. Nf5+ Kh8 30. Nh6 Na7 31. Nf7+ Kg7 32. Nd6 Nc8 33. Nf5+ Kh8 34. Nh6
Na7 35. Nf7+ 1/2-1/2

[Event "SR 2. liga A 2003/2004"]
[Site "?"]
[Date "2004.01.11"]
[Round "6.2"]
[White "Petreje, Juraj"]
[Black "Felcir, Jaroslav"]
[Result "1-0"]
[WhiteElo "2189"]
[BlackElo "2215"]
[PlyCount "95"]
[EventDate "2003.??.??"]

1. d4 Nf6 2. Nf3 g6 3. c4 Bg7 4. Nc3 O-O 5. e4 d6 6. Be2 e5 7. O-O Nc6 8. d5
Ne7 9. Ne1 Nd7 10. Nd3 f5 11. f3 a5 12. Bd2 b6 13. a3 Ba6 14. Nf2 f4 15. b4
axb4 16. axb4 g5 17. Ra4 Nf6 18. Qa1 Bb7 19. Qa3 Rxa4 20. Qxa4 Bc8 21. Qa7 Bd7
22. Ra1 h5 23. h3 Rf7 24. c5 Bf8 25. c6 Bc8 26. Qb8 g4 27. hxg4 hxg4 28. fxg4
Rh7 29. Ra8 Qe8 30. Ba6 Bxa6 31. Qxe8 Nxe8 32. Rxa6 Ng6 33. Ra8 Kf7 34. Nb5 Bh6
35. Nh3 Kf8 36. Ra7 Re7 37. g5 Bg7 38. Be1 Kf7 39. Kf1 Nh8 40. Ke2 Kg6 41. Bf2
Bf8 42. Kf3 Kh5 43. Ra8 Bg7 44. Rxe8 Rxe8 45. Nxc7 Rb8 46. Nb5 Bf8 47. c7 Ra8
48. Na7 1-0

[Event "SR 2. liga A 2003/2004"]
[Site "?"]
[Date "2004.01.11"]
[Round "6.3"]
[White "Kovacocy, Pavel"]
[Black "Seitler, Andrej"]
[Result "0-1"]
[WhiteElo "2263"]
[BlackElo "2144"]
[PlyCount "52"]
[EventDate "2003.??.??"]

1. e4 e6 2. d4 d5 3. Nc3 dxe4 4. Nxe4 Nd7 5. Nf3 Ngf6 6. Nxf6+ Nxf6 7. Bd3 Be7
8. Qe2 O-O 9. O-O b6 10. b3 Bb7 11. Rd1 Qd5 12. Bf4 Bd6 13. Be5 Ne4 14. c4 Qc6
15. Re1 Ng5 16. d5 Nxf3+ 17. Qxf3 exd5 18. Bxg7 Kxg7 19. Qg4+ Kh8 20. cxd5 Qc3
21. Qf5 Qg7 22. Rac1 Rae8 23. f4 Bc8 24. Qg5 Rxe1+ 25. Rxe1 Qd4+ 26. Kh1 Qxd3
0-1

[Event "SR 2. liga A 2003/2004"]
[Site "?"]
[Date "2004.01.11"]
[Round "6.3"]
[White "Kovarik, Oto"]
[Black "Moravcik, Marian"]
[Result "1-0"]
[WhiteElo "2128"]
[BlackElo "2073"]
[PlyCount "123"]
[EventDate "2003.??.??"]

1. e4 c5 2. Nf3 d6 3. d4 cxd4 4. Nxd4 Nf6 5. Bd3 a6 6. O-O e6 7. h3 Be7 8. c4
Qc7 9. Be3 O-O 10. Nc3 b6 11. Rc1 Nbd7 12. Bb1 Bb7 13. f3 Rac8 14. b3 Qb8 15.
Qe1 Rfe8 16. Qf2 Ba8 17. Rfe1 Bf8 18. Bd3 Qb7 19. Na4 Nc5 20. Nxc5 dxc5 21. Ne2
Red8 22. Bb1 Rd7 23. Qh4 Be7 24. e5 h6 25. exf6 Bxf6 26. Qg4 Kf8 27. Rcd1 Rcd8
28. Rxd7 Rxd7 29. Ng3 Bd4 30. Be4 Qb8 31. Bxa8 Qxa8 32. Qe4 Qd8 33. Nf1 Kg8 34.
Kh1 Bc3 35. Rc1 Bb2 36. Rb1 Bc3 37. Ng3 a5 38. f4 g6 39. Qf3 Rd3 40. Qe2 Kh7
41. Ne4 Bg7 42. Nf2 Rd6 43. Rd1 Bd4 44. Ne4 Rd7 45. Bc1 Kg7 46. Qd3 f6 47. Nc3
g5 48. Nb5 f5 49. Nxd4 cxd4 50. Bb2 gxf4 51. Rf1 Qc7 52. Bxd4+ Kg6 53. Qc3 Qd8
54. Rxf4 h5 55. Qg3+ Kh7 56. Rh4 Qe8 57. Qe5 Re7 58. Bxb6 a4 59. Bd4 axb3 60.
axb3 f4 61. Rxh5+ Kg6 62. Qg5+ 1-0

[Event "SR 2. liga A 2003/2004"]
[Site "?"]
[Date "2004.01.11"]
[Round "6.3"]
[White "Kralovic, Andrej"]
[Black "Fabry, Robert"]
[Result "0-1"]
[WhiteElo "2051"]
[BlackElo "2182"]
[PlyCount "114"]
[EventDate "2003.??.??"]

1. Nf3 Nf6 2. g3 d5 3. Bg2 c5 4. O-O Nc6 5. d3 e5 6. e4 dxe4 7. dxe4 Qxd1 8.
Rxd1 Bg4 9. Re1 Be7 10. c3 O-O 11. h3 Be6 12. Ng5 Bc8 13. Na3 h6 14. Nf3 Be6
15. Nh4 Rfd8 16. Nf5 Bf8 17. g4 Rd7 18. Bf1 h5 19. f3 hxg4 20. hxg4 Ne8 21. Be3
Nc7 22. Be2 g6 23. Kf2 f6 24. Ng3 Rad8 25. Rh1 Rh7 26. Rxh7 Kxh7 27. b3 a6 28.
Rh1+ Kg8 29. Bc4 b5 30. Bxe6+ Nxe6 31. Ne2 Rd3 32. Nc2 a5 33. Rb1 Kf7 34. Ne1
Rd7 35. Nc2 Rb7 36. Rh1 a4 37. Rh7+ Bg7 38. Rh1 Rb8 39. Rd1 Bf8 40. Rd7+ Ke8
41. Rd1 Ra8 42. Ra1 Be7 43. Ke1 b4 44. c4 Ned4 45. Bxd4 exd4 46. Nf4 Bd6 47.
Nd3 Ne5 48. Ke2 Kd7 49. Nxe5+ Bxe5 50. Kd3 Rh8 51. Rf1 Bf4 52. Re1 Rh3 53. bxa4
Rxf3+ 54. Ke2 Rc3 55. Kd1 g5 56. Rh1 d3 57. Rh7+ Kc6 0-1

[Event "SR 2. liga A 2003/2004"]
[Site "?"]
[Date "2004.01.11"]
[Round "6.3"]
[White "Minich, Peter"]
[Black "Hartl, Jan"]
[Result "1-0"]
[WhiteElo "2210"]
[BlackElo "2165"]
[PlyCount "131"]
[EventDate "2003.??.??"]

1. e4 e5 2. Nf3 Nc6 3. Bb5 a6 4. Ba4 f5 5. d4 fxe4 6. Bxc6 bxc6 7. Nxe5 Nf6 8.
O-O Be7 9. Qe2 Bb7 10. Nd2 c5 11. Ng4 O-O 12. dxc5 d5 13. cxd6 Bxd6 14. Nc4 Be7
15. Nxf6+ Bxf6 16. Be3 Qe7 17. Rad1 a5 18. b3 a4 19. Bd4 axb3 20. axb3 Bg5 21.
Ra1 Rxa1 22. Rxa1 Qd7 23. Be3 Bf6 24. Rd1 Qb5 25. Bd4 Bg5 26. Qg4 h6 27. h4 Bf6
28. Be3 Bc8 29. Qxe4 Bf5 30. Na3 Bxe4 31. Nxb5 c6 32. Na3 Be7 33. Rd4 Bg6 34.
b4 Bf6 35. Rd7 Rb8 36. Bc5 Ra8 37. Nc4 Bxc2 38. Ne3 Ra1+ 39. Kh2 Be5+ 40. g3
Be4 41. Ng2 Bf3 42. Re7 Bf6 43. Ra7 Rc1 44. Ra3 Bd5 45. Re3 Kf7 46. Re1 Rc3 47.
Nf4 Bf3 48. Re3 Rxe3 49. Bxe3 g5 50. Nh3 Kg6 51. Ng1 Bd1 52. hxg5 hxg5 53. f3
Kf5 54. g4+ Ke6 55. Kg3 Bc3 56. Bc5 Be1+ 57. Kg2 Kf6 58. Nh3 Bd2 59. Nf2 Bc2
60. Ne4+ Bxe4 61. fxe4 Ke5 62. Kf3 Bc1 63. Be3 Ba3 64. Bd2 Kd4 65. Bxg5 Bxb4
66. Bf6+ 1-0

[Event "SR 2. liga A 2003/2004"]
[Site "?"]
[Date "2004.01.11"]
[Round "6.3"]
[White "Skreno, Vladimir"]
[Black "Machalova, Veronika"]
[Result "1/2-1/2"]
[WhiteElo "2146"]
[BlackElo "2156"]
[PlyCount "65"]
[EventDate "2003.??.??"]

1. d4 Nf6 2. Nf3 b6 3. g3 Bb7 4. Bg2 e6 5. c4 Bb4+ 6. Bd2 Bxd2+ 7. Nbxd2 d6 8.
O-O Nbd7 9. Qc2 Qe7 10. Rfe1 O-O 11. e4 e5 12. a3 a5 13. b3 Rfe8 14. Rad1 Rad8
15. d5 h6 16. b4 Ra8 17. Ra1 Ra7 18. Bf1 Rea8 19. Qc3 c5 20. b5 Rf8 21. Nh4 g6
22. Qe3 Kg7 23. Bh3 Nh5 24. Kh1 Bc8 25. Rg1 Kh7 26. Raf1 Qd8 27. f3 Rc7 28. a4
Re8 29. Ng2 Ndf6 30. Bxc8 Qxc8 31. g4 Ng7 32. Nh4 Qd8 33. Qf2 1/2-1/2

[Event "SR 2. liga A 2003/2004"]
[Site "?"]
[Date "2004.01.11"]
[Round "6.3"]
[White "Zamecnik, Frantisek"]
[Black "Janos, Jozef"]
[Result "1/2-1/2"]
[WhiteElo "2128"]
[BlackElo "2206"]
[PlyCount "79"]
[EventDate "2003.??.??"]

1. d4 Nf6 2. c4 g6 3. Nc3 Bg7 4. Nf3 d6 5. e4 O-O 6. Be2 e5 7. O-O Nc6 8. dxe5
dxe5 9. Qxd8 Rxd8 10. Bg5 Re8 11. Bxf6 Bxf6 12. Nd5 Bd8 13. h3 Nd4 14. Nxd4
exd4 15. Bf3 c6 16. Nf4 Be7 17. Nd3 Be6 18. b3 b6 19. Bg4 a5 20. Bxe6 fxe6 21.
Rfd1 c5 22. a4 Ra7 23. Kf1 Bd6 24. Ke2 e5 25. Rh1 Kf7 26. h4 h5 27. g4 hxg4 28.
Rag1 Kf6 29. Rxg4 Rh7 30. Rhg1 Rh6 31. R1g3 Re6 32. Rg5 Kf7 33. R3g4 Bc7 34. f4
exf4 35. e5 Bd8 36. Rxf4+ Kg7 37. Rgg4 Rh5 38. Re4 Re8 39. Kf3 Rf5+ 40. Rgf4
1/2-1/2

[Event "SR 2. liga A 2003/2004"]
[Site "?"]
[Date "2004.01.11"]
[Round "6.4"]
[White "Antol, Ladislav"]
[Black "Lahucky, Pavol"]
[Result "0-1"]
[WhiteElo "2017"]
[BlackElo "2099"]
[PlyCount "84"]
[EventDate "2003.??.??"]

1. e4 e5 2. Nf3 Nc6 3. d4 Nxd4 4. Nxd4 exd4 5. Qxd4 d6 6. Bc4 Qf6 7. Be3 Be6 8.
Bxe6 Qxe6 9. Nc3 c6 10. O-O-O Nf6 11. Bf4 Ng4 12. Bg3 h5 13. h3 Ne5 14. f4 Nc4
15. f5 Qh6+ 16. Kb1 Qe3 17. Qxe3 Nxe3 18. Rd3 Nc4 19. Rhd1 f6 20. Ne2 Ne5 21.
Rb3 O-O-O 22. Nd4 Be7 23. Ne6 Rdg8 24. Bf2 b6 25. Rg3 g5 26. Rc3 Kb7 27. a4 h4
28. g4 Rc8 29. Nd4 Rhd8 30. a5 c5 31. Ne6 Rg8 32. Rb3 Rc6 33. Rd5 Nc4 34. axb6
axb6 35. Rbd3 Ne5 36. Rd1 Nc4 37. b3 Ne5 38. c4 Ra8 39. Kc2 Ra2+ 40. Kb1 Rxf2
41. R5d2 Rxd2 42. Rxd2 Rc8 0-1

[Event "SR 2. liga A 2003/2004"]
[Site "?"]
[Date "2004.01.11"]
[Round "6.4"]
[White "Eged, Igor"]
[Black "Vychodil, Michal"]
[Result "1/2-1/2"]
[WhiteElo "2136"]
[BlackElo "2070"]
[PlyCount "48"]
[EventDate "2003.??.??"]

1. d4 Nf6 2. Nf3 c5 3. c4 cxd4 4. Nxd4 e5 5. Nc2 d5 6. cxd5 Qxd5 7. Qxd5 Nxd5
8. e4 Nc7 9. Nc3 Be6 10. Be3 Nc6 11. Bd3 Be7 12. Ke2 O-O 13. Rhd1 Rfd8 14. b3
Nd4+ 15. Bxd4 exd4 16. Nb5 Nxb5 17. Bxb5 Bf6 18. Bd3 a5 19. h3 g5 20. Rab1 Rdc8
21. Na3 a4 22. Nc4 axb3 23. axb3 Ra2+ 24. Rd2 Rxd2+ 1/2-1/2

[Event "SR 2. liga A 2003/2004"]
[Site "?"]
[Date "2004.01.11"]
[Round "6.4"]
[White "Furjel, Andrej"]
[Black "Kubis, Ivan"]
[Result "1/2-1/2"]
[WhiteElo "1905"]
[BlackElo "2062"]
[PlyCount "50"]
[EventDate "2003.??.??"]

1. e4 e5 2. Nf3 Nc6 3. Bb5 a6 4. Ba4 Nf6 5. O-O Be7 6. Re1 b5 7. Bb3 O-O 8. a4
Bb7 9. d3 d6 10. Nbd2 Na5 11. Ba2 c5 12. Nf1 h6 13. Ng3 Ne8 14. Nf5 Bf6 15. h4
d5 16. Qe2 Nd6 17. Nxd6 Qxd6 18. Bd2 b4 19. exd5 Bxd5 20. Bxd5 Qxd5 21. b3 Nc6
22. Qe4 Rfd8 23. g3 a5 24. Qxd5 Rxd5 25. Be3 Rad8 1/2-1/2

[Event "SR 2. liga A 2003/2004"]
[Site "?"]
[Date "2004.01.11"]
[Round "6.4"]
[White "Hecko, Dusan"]
[Black "Gasa, Andrej"]
[Result "0-1"]
[WhiteElo "2176"]
[BlackElo "2188"]
[PlyCount "140"]
[EventDate "2003.??.??"]

1. e4 c5 2. Nf3 Nc6 3. Bb5 e6 4. O-O Nf6 5. Re1 d6 6. Bxc6+ bxc6 7. e5 Nd7 8.
exd6 Bxd6 9. d3 O-O 10. b3 e5 11. Bb2 Re8 12. Nbd2 f6 13. Ne4 Be7 14. Nfd2 Nf8
15. a4 Be6 16. Qe2 Nd7 17. Ng3 Bf8 18. Rad1 Qc7 19. Nde4 Rab8 20. Ba3 Qb6 21.
Qd2 g6 22. Qc3 f5 23. Nd2 Bg7 24. Nc4 Qc7 25. Qa5 Qxa5 26. Nxa5 Bd5 27. Bb2 Kf8
28. f3 Bf6 29. Nf1 Bd8 30. Nc4 Bc7 31. Nfd2 Bf7 32. Re2 Re6 33. Rde1 Rbe8 34.
g3 R6e7 35. Kf2 Bd5 36. Bc3 Bxc4 37. Nxc4 Kf7 38. Bd2 Re6 39. Bc1 Nb6 40. Ba3
Nd7 41. Bb2 Bb8 42. g4 Bc7 43. h3 Bd8 44. Kg2 Bc7 45. Bc3 Bb8 46. Ne3 fxg4 47.
Nxg4 Bd6 48. Nf2 Nb6 49. Ne4 Be7 50. Bd2 Nd5 51. Be3 Kg7 52. Kg3 Nxe3 53. Rxe3
h6 54. R3e2 Kf7 55. Nd2 Bg5 56. Nc4 Bf4+ 57. Kg2 Kf6 58. Re4 Rd8 59. R1e2 h5
60. Na5 Bh6 61. Rc4 Bf8 62. Kg3 Rd7 63. Ree4 Rd4 64. b4 cxb4 65. Nxc6 b3 66.
Rcxd4 Rxc6 67. Rd8 bxc2 68. Rxf8+ Kg7 69. Re1 Kxf8 70. Rc1 Kf7 0-1

[Event "SR 2. liga A 2003/2004"]
[Site "?"]
[Date "2004.01.11"]
[Round "6.4"]
[White "Kebis, Milos"]
[Black "Miklas, Marian"]
[Result "1/2-1/2"]
[WhiteElo "2094"]
[BlackElo "2204"]
[PlyCount "112"]
[EventDate "2003.??.??"]

1. c4 g6 2. Nc3 Bg7 3. g3 c5 4. Bg2 Nc6 5. d3 e6 6. e3 Nge7 7. Nge2 O-O 8. O-O
Rb8 9. d4 cxd4 10. exd4 Nf5 11. d5 Ncd4 12. Nxd4 Nxd4 13. Be3 e5 14. Rc1 d6 15.
b4 Qb6 16. a3 Qa6 17. Bxd4 exd4 18. Nb5 Bd7 19. a4 Bxb5 20. cxb5 Qb6 21. Re1
Rfe8 22. Rxe8+ Rxe8 23. Qd3 Qd8 24. Qc4 Bh6 25. Rc2 Qf6 26. Qd3 Qe5 27. Rc7
Qe1+ 28. Bf1 Qxb4 29. Rc4 Qe1 30. Rxd4 Re3 31. fxe3 Bxe3+ 32. Kg2 Qf2+ 33. Kh3
Bxd4 34. Bg2 h5 35. Qe4 Be5 36. Qf3 Qa2 37. Qd1 Qc4 38. Bf3 Kg7 39. Kg2 h4 40.
Be2 Qb4 41. Bf3 hxg3 42. hxg3 Qc3 43. Qe2 f5 44. Qf2 b6 45. Bd1 Bxg3 46. Qxg3
Qd2+ 47. Kh3 Qxd1 48. Qxd6 Qg4+ 49. Kh2 Qh4+ 50. Kg2 f4 51. Qe5+ Kh7 52. d6
Qg4+ 53. Kf1 f3 54. Qe7+ Kh6 55. Qe3+ Kh5 56. Qe5+ Kh4 1/2-1/2